000 00882cam a2200265 a 4500
003 OSt
005 20260129105104.0
008 820709s1983 enka b 001 0 eng
010 _a 82011628
020 _a0201140675 (pbk.) :
020 _a0201140683 :
040 _aKABLIB
_cKABLIB
_beng.
_erda
082 0 0 _a330
_223
_bABO
100 1 _aAboyade, Ojetunji.
_914839
245 1 0 _aIntegrated economics :
_ba study of developing economies /
_cOjetunji Aboyade.
260 _aLondon ;
_aReading, Mass. :
_bAddison-Wesley,
_cc1983.
300 _aviii, 568 p. :
_bill. ;
_c24 cm.
336 _atext
_btxt
_2rdacontent
504 _aIncludes bibliographical references and index.
650 0 _aEconomics.
650 0 _aEconomic development.
651 0 _aAfrica
_xEconomic conditions
_y1960-
_914840
651 0 _aDeveloping countries
_xEconomic conditions.
_913763
942 _2ddc
_cBOOK
999 _c5884
_d5884